Direito do Trabalho e Direito da Seguridade Social: Cls̀sicos e novos instrumentos de inclusô social e econm̥ica /

Detalles Bibliográficos
Autor principal: Fernandes Teixeira, Érica
Formato: eBook
Lenguaje:portugués
Publicado: San Pablo: LTR Editora, 2013
Materias:
Acceso en línea:Acceso restringido

MARC

LEADER 00000nam a22000007a 4500
005 20140827210827.0
007 cr|||| ||||
008 140827s2013 br |||||s|||| 00||0 por d
020 |a 978-85-361-2890-0 
035 |a 12351 
040 |a vLex 
090 |c 5131  |d 5131 
100 1 |a Fernandes Teixeira, Érica 
245 1 0 |a Direito do Trabalho e Direito da Seguridade Social:  |h [Recurso electrn̤ico] :  |b Cls̀sicos e novos instrumentos de inclusô social e econm̥ica /  |c Érica Fernandes Teixeira 
256 |a Servicio en ln̕ea 
260 |a San Pablo:  |b LTR Editora,  |c 2013 
300 |a 1 recurso electrn̤ico 
506 1 |a Disponible solo en los productos indicados  |d vLex Global  |d vLex Global (Academic Edition, excluding Law Schools)  |d vLex Global (U.S. Academic Edition, Law Schools)  |d vLex Global (U.S. Academic Edition, excluding Law Schools)  |d vLex Global (Academic Edition, Law Schools) 
650 0 4 |a Derecho Laboral y Seguridad Social  |z Brasil 
740 0 |a vLex Libros (Servicio en ln̕ea) 
856 4 0 |u http://vlex.com/source/direito-trabalho-direito-seguridade-social-12351  |z Acceso restringido 
942 |c BOOK 
999 0 |a Labor Law and Social Security